[Event "I Festival"]
[Site "Perugia ITA"]
[Date "2009.06.27"]
[Round "2"]
[White "Vuelban, Virgilio"]
[Black "Bighiu, Gheorghe"]
[Result "1-0"]
[WhiteElo "2422"]
[BlackElo "2045"]
[PlyCount "50"]
[EventDate "2009.06.27"]

1. e4 e5 2. Nf3 Nf6 3. Nxe5 d6 4. Nf3 Nxe4 5. d4 d5 6. Bd3 Nc6 7. O-O Bg4 8.
Re1 Be7 9. c3 f5 10. Nbd2 Qd6 11. Qb3 O-O-O 12. a4 g5 13. Qc2 Qh6 14. Nf1 Qh5
15. N3d2 Bd6 16. f3 Qh4 17. Re2 h5 18. g3 Qh3 19. fxg4 hxg4 20. Bxe4 fxe4 21.
Nxe4 dxe4 22. Qxe4 Rhf8 23. Bxg5 Rd7 24. Qe6 Qh8 25. Rae1 25... b6 {...} 1-0

[Event "I Festival"]
[Site "Perugia ITA"]
[Date "2009.06.28"]
[Round "3"]
[White "Barletta, Mauro"]
[Black "Damia, Angelo"]
[Result "1/2-1/2"]
[WhiteElo "2224"]
[BlackElo "2235"]
[PlyCount "44"]
[EventDate "2009.06.27"]

1. e4 Nf6 2. e5 Nd5 3. c4 Nb6 4. c5 Nd5 5. Nc3 Nxc3 6. dxc3 d6 7. cxd6 exd6 8.
Bf4 Qe7 9. Qe2 dxe5 10. Qxe5 c6 11. Bc4 Nd7 12. Qxe7+ Bxe7 13. Nf3 Nc5 14.
O-O-O b5 15. Bb3 O-O 16. Rhe1 Nxb3+ 17. axb3 Be6 18. Bd6 Bxd6 19. Rxd6 c5 20.
Re5 Rac8 21. Nd2 Rfe8 22. f3 Kf8 1/2-1/2

[Event "I Festival"]
[Site "Perugia ITA"]
[Date "2009.06.28"]
[Round "3"]
[White "Bighiu, Gheorghe"]
[Black "Bertolini, Ettore"]
[Result "1-0"]
[WhiteElo "2045"]
[BlackElo "1856"]
[PlyCount "75"]
[EventDate "2009.06.27"]

1. e4 e5 2. a3 Nf6 3. Nf3 Nc6 4. Nc3 d5 5. exd5 Nxd5 6. Bc4 Nxc3 7. dxc3 Qxd1+
8. Kxd1 Bg4 9. b3 Bxf3+ 10. gxf3 O-O-O+ 11. Ke2 f6 12. Be3 g6 13. b4 Kb8 14.
Bb5 Be7 15. h4 f5 16. Bh6 Bf6 17. Bxc6 bxc6 18. Bg5 Rd6 19. Rad1 Rf8 20. c4 Kc8
21. Rxd6 cxd6 22. b5 Kc7 23. a4 Bg7 24. h5 h6 25. Be3 c5 26. hxg6 f4 27. Bd2
Rf6 28. Rg1 Kb6 29. a5+ Kb7 30. Kd3 h5 31. Ke4 h4 32. Rh1 Rxg6 33. Rxh4 a6 34.
Rg4 Rxg4 35. fxg4 axb5 36. cxb5 Kc7 37. c4 Kb7 38. g5 1-0

[Event "I Festival"]
[Site "Perugia ITA"]
[Date "2009.06.28"]
[Round "3"]
[White "Bonucci, Riccardo"]
[Black "Schiappoli, Dario"]
[Result "0-1"]
[WhiteElo "1714"]
[BlackElo "1959"]
[PlyCount "50"]
[EventDate "2009.06.27"]

1. e4 c5 2. Nc3 Nc6 3. f4 g6 4. Nf3 Bg7 5. Bc4 e6 6. O-O Nge7 7. d3 O-O 8. Ne2
d5 9. Bb3 b5 10. c3 c4 11. Bc2 dxe4 12. dxe4 Qb6+ 13. Kh1 Rd8 14. Qe1 b4 15.
Ng3 bxc3 16. bxc3 Qa5 17. Bd2 Rb8 18. a4 Ba6 19. f5 Rxd2 20. Qxd2 Bxc3 21. Qg5
Bxa1 22. Rxa1 Rb2 23. Qh6 Qc3 24. fxg6 hxg6 25. Rc1 Rxc2 0-1

[Event "I Festival"]
[Site "Perugia ITA"]
[Date "2009.06.28"]
[Round "3"]
[White "Calisti, Simone"]
[Black "Cicioni, Luigi"]
[Result "0-1"]
[WhiteElo "1368"]
[BlackElo "1771"]
[PlyCount "30"]
[EventDate "2009.06.27"]

1. e4 c5 2. d4 cxd4 3. Nf3 Nc6 4. Nxd4 e6 5. c3 Nf6 6. Bd3 d5 7. Nd2 Bc5 8. Qa4
Bd7 9. Bb5 O-O 10. exd5 Nxd4 11. cxd4 Bxb5 12. Qxb5 Bxd4 13. Nf3 e5 14. O-O
Qxd5 15. Qd3 Bxf2+ 0-1

[Event "I Festival"]
[Site "Perugia ITA"]
[Date "2009.06.28"]
[Round "3"]
[White "Cuppone, Damiano"]
[Black "Cerina, Antonio"]
[Result "1-0"]
[WhiteElo "1933"]
[BlackElo "1370"]
[PlyCount "39"]
[EventDate "2009.06.27"]

1. d4 Nf6 2. c4 g6 3. Nc3 Bg7 4. e4 d6 5. Be2 O-O 6. Bg5 Nbd7 7. Qd2 e5 8. Nf3
c5 9. dxe5 dxe5 10. Rd1 Re8 11. O-O a6 12. Qc2 Qa5 13. Nd5 h6 14. Bd2 Qd8 15.
Bc3 b5 16. Nxf6+ Qxf6 17. cxb5 axb5 18. Bxb5 Rd8 19. Nxe5 Nxe5 20. Bxe5 1-0

[Event "I Festival"]
[Site "Perugia ITA"]
[Date "2009.06.28"]
[Round "3"]
[White "Djuric, Stefan"]
[Black "Bove, Alessandro"]
[Result "0-1"]
[WhiteElo "2447"]
[BlackElo "2297"]
[PlyCount "80"]
[EventDate "2009.06.27"]

1. d4 Nf6 2. c4 c5 3. d5 e6 4. Nc3 exd5 5. cxd5 d6 6. e4 g6 7. Bd3 Bg7 8. Nge2
O-O 9. O-O a6 10. a4 Re8 11. h3 Nbd7 12. Ng3 Rb8 13. Bf4 Qc7 14. Qd2 h5 15. Bh6
c4 16. Bxg7 Kxg7 17. Bc2 b5 18. axb5 axb5 19. f3 b4 20. Nd1 Ne5 21. b3 cxb3 22.
Bxb3 Qb6+ 23. Nf2 h4 24. Ne2 Ba6 25. Kh2 Nh5 26. Rxa6 Qxa6 27. f4 Nxf4 28. Qxf4
Qxe2 29. Ng4 Nxg4+ 30. hxg4 Rb7 31. Qf6+ Kg8 32. Ba4 Qxe4 33. Bc6 Qe7 34. Bxe8
Qxe8 35. Kh3 Qe7 36. Qf2 Qe5 37. Kxh4 g5+ 38. Kh5 f6 39. Re1 Rh7+ 40. Kg6 Rg7+
0-1

[Event "I Festival"]
[Site "Perugia ITA"]
[Date "2009.06.28"]
[Round "3"]
[White "Malfagia, Andrea"]
[Black "Lazic, Miroljub"]
[Result "0-1"]
[WhiteElo "2282"]
[BlackElo "2438"]
[PlyCount "112"]
[EventDate "2009.06.27"]

1. d4 d5 2. c4 c6 3. Nc3 Nf6 4. cxd5 cxd5 5. Bf4 Nc6 6. e3 e6 7. Bd3 Bd6 8.
Bxd6 Qxd6 9. f4 b6 10. Nf3 Bb7 11. Ne5 O-O 12. O-O Nb4 13. Bb1 Ne4 14. Nb5 Qe7
15. a3 Ba6 16. Qa4 Qe8 17. Bd3 Nxd3 18. Qxa6 Ndc5 19. dxc5 Nxc5 20. Nc7 Nxa6
21. Nxe8 Rfxe8 22. b4 Rac8 23. Rac1 Nb8 24. Kf2 Kf8 25. Ke2 Ke7 26. g4 f6 27.
Nf3 Kd6 28. h4 a6 29. Kd2 Nc6 30. g5 a5 31. Rc3 axb4 32. axb4 Nxb4 33. Rb1 Rxc3
34. Kxc3 Nc6 35. Rxb6 e5 36. fxe5+ fxe5 37. h5 Re7 38. Ra6 Kc5 39. Kd2 e4 40.
Ng1 Ra7 41. Rxa7 Nxa7 42. h6 g6 43. Nh3 Nc6 44. Nf4 Ne5 45. Kc3 Kd6 46. Kc2 Nf7
47. Nh3 Nd8 48. Nf4 Ke5 49. Kd2 d4 50. Nxg6+ hxg6 51. exd4+ Kxd4 52. h7 Nf7 53.
Ke2 e3 54. Ke1 Kd3 55. Kd1 e2+ 56. Ke1 Nh8 0-1

[Event "I Festival"]
[Site "Perugia ITA"]
[Date "2009.06.28"]
[Round "3"]
[White "Mogranzini, Roberto"]
[Black "Tanasa, Remus"]
[Result "1-0"]
[WhiteElo "2422"]
[BlackElo "2026"]
[PlyCount "45"]
[EventDate "2009.06.27"]

1. e4 Nf6 2. e5 Nd5 3. d4 d6 4. c4 Nb6 5. exd6 cxd6 6. Nc3 g6 7. Be3 Bg7 8. Rc1
Nc6 9. b3 O-O 10. d5 Ne5 11. Be2 f5 12. f4 Nf7 13. Nf3 e5 14. dxe6 Bxe6 15. O-O
Qe7 16. Qd2 Nd7 17. Nd4 Nc5 18. Bf3 Rae8 19. Rfe1 b6 20. Bf2 Nd8 21. b4 Na6 22.
Nxe6 Nxe6 23. Rxe6 1-0

[Event "I Festival"]
[Site "Perugia ITA"]
[Date "2009.06.28"]
[Round "3"]
[White "Nepi, Ezio"]
[Black "Tiengo, Davide"]
[Result "0-1"]
[WhiteElo "1848"]
[BlackElo "2070"]
[PlyCount "66"]
[EventDate "2009.06.27"]

1. d4 Nf6 2. Bg5 d5 3. Bxf6 exf6 4. e3 g6 5. Ne2 Bg7 6. Nf4 c6 7. Nd2 Qe7 8. c4
Be6 9. cxd5 cxd5 10. Bb5+ Nc6 11. O-O O-O 12. Rc1 Qd6 13. Ba4 Rac8 14. a3 a6
15. b4 Nxd4 16. Rxc8 Rxc8 17. Nb1 Nc6 18. Bb3 Ne7 19. Qd2 f5 20. Rd1 Qe5 21.
Qa2 g5 22. Ne2 f4 23. exf4 gxf4 24. Nd4 Bg4 25. f3 Qe3+ 26. Qf2 Bxd4 27. Rxd4
Qxb3 28. Qe1 Be6 29. Rxf4 Qb2 30. Qg3+ Ng6 31. h4 Rc1+ 32. Kh2 Qxb1 33. Qg5
Rh1+ 0-1

[Event "I Festival"]
[Site "Perugia ITA"]
[Date "2009.06.28"]
[Round "3"]
[White "Pichler, Christoph"]
[Black "Buratti, Marco"]
[Result "1-0"]
[WhiteElo "1831"]
[BlackElo "2037"]
[PlyCount "79"]
[EventDate "2009.06.27"]

1. e4 e5 2. Nf3 Nc6 3. Bc4 Nf6 4. Ng5 d5 5. exd5 b5 6. Bf1 Nd4 7. c3 Nf5 8.
Bxb5+ Bd7 9. Qa4 Bc5 10. O-O O-O 11. Bxd7 Nxd7 12. Ne4 Bb6 13. d3 h6 14. Nbd2
Nh4 15. Qd1 f5 16. Ng3 Nc5 17. Nf3 e4 18. Nxh4 Qxh4 19. dxe4 fxe4 20. Be3 Rae8
21. Bxc5 Bxc5 22. b4 Bd6 23. Qd4 a6 24. Rae1 Rf6 25. Rxe4 Rxe4 26. Qxe4 Bxg3
27. Qe8+ Kh7 28. hxg3 Qc4 29. Re1 Qxc3 30. Qe4+ Kg8 31. Re2 Qc1+ 32. Kh2 Qd1
33. Qe8+ Kh7 34. Qe4+ Kg8 35. Qc4 Rd6 36. Re5 Qa4 37. Qxc7 Qxb4 38. Qc8+ Kh7
39. Qf5+ Rg6 40. Re6 1-0

[Event "I Festival"]
[Site "Perugia ITA"]
[Date "2009.06.28"]
[Round "3"]
[White "Saponara, Nicola"]
[Black "Ricci, Alfredo"]
[Result "0-1"]
[WhiteElo "1808"]
[BlackElo "2024"]
[PlyCount "88"]
[EventDate "2009.06.27"]

1. e4 c5 2. Nf3 e6 3. d4 cxd4 4. Nxd4 a6 5. Bd3 Nf6 6. Nc3 Qc7 7. O-O d6 8. Be3
Nbd7 9. Nb3 b5 10. f4 Bb7 11. Qf3 Be7 12. Rf2 h5 13. h3 Nc5 14. Rc1 b4 15. Nxc5
dxc5 16. Na4 c4 17. Nb6 cxd3 18. cxd3 Qd8 19. Nxa8 Bxa8 20. f5 e5 21. Qg3 O-O
22. Rd1 Nxe4 23. dxe4 Qxd1+ 24. Kh2 h4 25. Qf3 Qxf3 26. gxf3 Rc8 27. Rg2 Bf6
28. Bh6 Kh7 29. Be3 Rc4 30. Rd2 Bc6 31. Kg2 a5 32. Kf2 a4 33. Ke2 b3 34. axb3
axb3 35. Kd1 Rb4 36. Rd6 Be8 37. Bd2 Rb7 38. Be3 Be7 39. Rd5 Rd7 40. Rxd7 Bxd7
41. Bd2 Bb5 42. Ke1 Bc5 43. f4 Bd4 44. fxe5 Bxe5 0-1

[Event "I Festival"]
[Site "Perugia ITA"]
[Date "2009.06.28"]
[Round "3"]
[White "Seravelli, Paolo"]
[Black "Gubbiotti, David"]
[Result "0-1"]
[WhiteElo "1804"]
[BlackElo "1670"]
[PlyCount "84"]
[EventDate "2009.06.27"]

1. e4 c5 2. Nf3 e6 3. d4 cxd4 4. Nxd4 a6 5. Nc3 Qc7 6. a3 Nc6 7. Nxc6 Qxc6 8.
Bd3 b5 9. O-O Bb7 10. Be3 Nf6 11. f3 b4 12. axb4 Bxb4 13. Na4 d6 14. Nb6 Bc5
15. Bxc5 Qxc5+ 16. Kh1 Qxb6 17. Qe2 O-O 18. f4 d5 19. e5 Ne4 20. f5 exf5 21.
Rxf5 Qh6 22. Bxe4 dxe4 23. Rd1 Rad8 24. Rff1 Qe6 25. Qf2 Rxd1 26. Rxd1 Qxe5 27.
Qb6 Qb5 28. Qd4 Re8 29. c4 Qc6 30. Qe3 Qxc4 31. h3 Qc2 32. Rd2 Qc1+ 33. Kh2 h6
34. Qd4 e3 35. Re2 Qc7+ 36. Kg1 Qe5 37. Qb6 Qb5 38. Qxb5 axb5 39. Kh2 b4 40.
Kg3 Ba6 41. Re1 e2 42. Kf2 Re6 0-1

[Event "I Festival"]
[Site "Perugia ITA"]
[Date "2009.06.29"]
[Round "4"]
[White "Bertolini, Ettore"]
[Black "Calisti, Simone"]
[Result "1-0"]
[WhiteElo "1856"]
[BlackElo "1368"]
[PlyCount "61"]
[EventDate "2009.06.27"]

1. e4 e5 2. Bc4 Nf6 3. d3 Nc6 4. Nc3 Bb4 5. a3 Be7 6. Nge2 O-O 7. O-O Na5 8.
Ba2 d6 9. f4 Nc6 10. f5 d5 11. exd5 Nd4 12. Ng3 Re8 13. Bg5 b6 14. Bxf6 Bxf6
15. Nce4 Kh8 16. a4 Bh4 17. c3 Bxg3 18. Nxg3 Nxf5 19. Nxf5 Qg5 20. Qf3 g6 21.
Ng3 Rf8 22. Qf6+ Qxf6 23. Rxf6 Ba6 24. Bc4 Bxc4 25. dxc4 Kg7 26. Ne4 Rae8 27.
a5 Rb8 28. b4 Rfd8 29. Raf1 bxa5 30. Rxf7+ Kh6 31. bxa5 1-0

[Event "I Festival"]
[Site "Perugia ITA"]
[Date "2009.06.29"]
[Round "4"]
[White "Bove, Alessandro"]
[Black "Leon Hoyos, Manuel"]
[Result "0-1"]
[WhiteElo "2297"]
[BlackElo "2527"]
[PlyCount "70"]
[EventDate "2009.06.27"]

1. e4 c5 2. Nf3 d6 3. d4 cxd4 4. Qxd4 Bg4 5. Bb5+ Nc6 6. Nc3 Bxf3 7. gxf3 Nf6
8. Bg5 Nd7 9. Qe3 h6 10. Bh4 a6 11. Bc4 Nce5 12. Bb3 Qb6 13. Qe2 g5 14. Bg3 Bg7
15. f4 Ng6 16. Nd5 Qa5+ 17. c3 gxf4 18. Qh5 Nc5 19. O-O fxg3 20. fxg3 Nxb3 21.
axb3 Qc5+ 22. Rf2 O-O 23. b4 Qc6 24. Raf1 e6 25. Nf6+ Bxf6 26. Rxf6 Qxe4 27.
Qxh6 a5 28. h4 Qg4 29. Kh2 axb4 30. h5 Ne5 31. R1f4 Qg7 32. Qxg7+ Kxg7 33. h6+
Kh7 34. Rxb4 Rg8 35. Kg2 Rg6 0-1

[Event "I Festival"]
[Site "Perugia ITA"]
[Date "2009.06.29"]
[Round "4"]
[White "Burani, Eugenio"]
[Black "Nepi, Ezio"]
[Result "0-1"]
[WhiteElo "1993"]
[BlackElo "1848"]
[PlyCount "82"]
[EventDate "2009.06.27"]

1. e4 c5 2. Nf3 d6 3. d4 cxd4 4. Nxd4 Nf6 5. Nc3 Nc6 6. Be2 e5 7. Nb3 Be7 8.
Be3 O-O 9. O-O Be6 10. f4 a5 11. f5 Bd7 12. Nd2 Nb4 13. a3 Na6 14. Nc4 Bc6 15.
Bb6 Qb8 16. Bd3 Nc5 17. Qf3 Bd8 18. g4 Nxd3 19. Bxd8 Rxd8 20. cxd3 d5 21. Nxd5
Nxd5 22. exd5 Rxd5 23. Qe3 f6 24. Nb6 Rd4 25. Nxa8 Rxg4+ 26. Kf2 Rg2+ 27. Ke1
Qxa8 28. h4 a4 29. Rg1 Qa5+ 30. Kf1 Rxb2 31. Qg3 Qc7 32. h5 Qd7 33. Ke1 h6 34.
Rd1 Qe7 35. Qe3 Kh8 36. Rg6 Be8 37. Rxh6+ gxh6 38. Qxh6+ Kg8 39. Rd2 Rxd2 40.
Kxd2 Qg7 41. Qe3 Qg5 0-1

[Event "I Festival"]
[Site "Perugia ITA"]
[Date "2009.06.29"]
[Round "4"]
[White "Buratti, Marco"]
[Black "Cuppone, Damiano"]
[Result "1-0"]
[WhiteElo "2037"]
[BlackElo "1933"]
[PlyCount "55"]
[EventDate "2009.06.27"]

1. e4 c5 2. Nc3 Nc6 3. Bc4 g6 4. d3 Bg7 5. Nge2 d6 6. O-O Nf6 7. Bg5 O-O 8. Qd2
a6 9. a4 Rb8 10. Nd5 e6 11. Nxf6+ Bxf6 12. Bxf6 Qxf6 13. c3 b5 14. axb5 axb5
15. Bb3 Bb7 16. f4 Ra8 17. Rxa8 Rxa8 18. f5 Na5 19. Bc2 exf5 20. Ng3 Re8 21.
exf5 Qe7 22. f6 Qe3+ 23. Qxe3 Rxe3 24. Ra1 Nc6 25. Ne4 Nb8 26. Kf2 Rxe4 27.
dxe4 Nd7 28. Ra7 1-0

[Event "I Festival"]
[Site "Perugia ITA"]
[Date "2009.06.29"]
[Round "4"]
[White "Cerina, Antonio"]
[Black "Seravelli, Paolo"]
[Result "0-1"]
[WhiteElo "1370"]
[BlackElo "1804"]
[PlyCount "42"]
[EventDate "2009.06.27"]

1. c4 e5 2. Nc3 Nf6 3. g3 Bc5 4. e3 d5 5. d4 exd4 6. exd4 Bb4 7. Bd2 O-O 8. c5
Re8+ 9. Nge2 Nc6 10. a3 Bxc3 11. Bxc3 Bg4 12. Qc2 Qd7 13. O-O-O Ne4 14. Be1 Bf5
15. Qa4 Qe6 16. b4 a6 17. Kb2 Qf6 18. h4 Nxf2 19. Bxf2 Bg4 20. Rh2 Bxe2 21.
Bxe2 Rxe2+ 0-1

[Event "I Festival"]
[Site "Perugia ITA"]
[Date "2009.06.29"]
[Round "4"]
[White "Cicioni, Luigi"]
[Black "Malfagia, Andrea"]
[Result "0-1"]
[WhiteElo "1771"]
[BlackElo "2282"]
[PlyCount "126"]
[EventDate "2009.06.27"]

1. e4 c5 2. c3 d5 3. exd5 Qxd5 4. Nf3 Nf6 5. d4 Bg4 6. Be2 e6 7. c4 Qd8 8. Nc3
cxd4 9. Qxd4 Nc6 10. Qxd8+ Rxd8 11. O-O Be7 12. Bf4 O-O 13. Rad1 h6 14. h3 Bh5
15. Bc7 Rxd1 16. Rxd1 Rc8 17. Bf4 Kf8 18. a3 Na5 19. g4 Bg6 20. Ne5 Bc2 21. Rd2
Bb3 22. Nb5 a6 23. Nd4 Ne4 24. Nxb3 Nxb3 25. Rd3 Nec5 26. Nd7+ Ke8 27. Nxc5
Nxc5 28. Rd1 Bf6 29. b4 Na4 30. Bf1 Rd8 31. Rxd8+ Kxd8 32. Bg2 Kc8 33. Bc1 Nc3
34. Kf1 Na2 35. Bd2 Bb2 36. a4 Ba3 37. b5 Bb4 38. Ke2 a5 39. Kd3 Bxd2 40. Kxd2
b6 41. Bc6 Kc7 42. Be8 f6 43. Bf7 Kd6 44. f4 Nb4 45. Kc3 g5 46. fxg5 hxg5 47.
Bg6 Ke5 48. Bf7 f5 49. gxf5 exf5 50. Bg6 f4 51. Bh5 Ke4 52. c5 f3 53. Bxf3+
Kxf3 54. c6 Ke4 55. Kc4 Nd5 56. Kb3 Kd3 57. Kb2 Kc4 58. Kc2 Kb4 59. Kd3 Kxa4
60. Kd4 Nc7 61. Ke5 Kxb5 62. Kd6 Ne8+ 63. Kd7 a4 0-1

[Event "I Festival"]
[Site "Perugia ITA"]
[Date "2009.06.29"]
[Round "4"]
[White "Damia, Angelo"]
[Black "Pichler, Christoph"]
[Result "1-0"]
[WhiteElo "2235"]
[BlackElo "1831"]
[PlyCount "59"]
[EventDate "2009.06.27"]

1. e4 e5 2. Nf3 Nc6 3. Nc3 Nf6 4. a3 Be7 5. d4 exd4 6. Nxd4 Nxd4 7. Qxd4 d6 8.
f3 Be6 9. Be3 O-O 10. O-O-O Qd7 11. g4 Rfd8 12. h4 c6 13. h5 Ne8 14. g5 f6 15.
g6 h6 16. Ne2 Nc7 17. Nf4 Kh8 18. Nxe6 Qxe6 19. Kb1 Qe5 20. Qd2 Bf8 21. Bf4 Qe7
22. Bc4 Ne6 23. Bg3 Ng5 24. Qd3 Rd7 25. Bb3 Rad8 26. Rhe1 Ne6 27. Qc4 d5 28.
exd5 Rxd5 29. Rxd5 cxd5 30. Qg4 1-0

[Event "I Festival"]
[Site "Perugia ITA"]
[Date "2009.06.29"]
[Round "4"]
[White "Gubbiotti, David"]
[Black "Saponara, Nicola"]
[Result "1-0"]
[WhiteElo "1670"]
[BlackElo "1808"]
[PlyCount "87"]
[EventDate "2009.06.27"]

1. e4 c5 2. Nf3 d6 3. d4 cxd4 4. Nxd4 Nf6 5. Nc3 g6 6. Be3 Bg7 7. f3 O-O 8. Qd2
Nc6 9. Bc4 Bd7 10. O-O-O Rc8 11. Bb3 Ne5 12. Kb1 Nc4 13. Bxc4 Rxc4 14. h4 Re8
15. g4 h5 16. gxh5 Nxh5 17. Nde2 Qa5 18. Rdg1 Rec8 19. Rg5 Qd8 20. Rxh5 gxh5
21. Rg1 Kh7 22. Rg5 R8c5 23. Bxc5 Rxc5 24. Rxc5 dxc5 25. Qd5 b6 26. Qxh5+ Kg8
27. Qg5 f6 28. Qd5+ e6 29. Qd6 Bf8 30. Qg3+ Kh8 31. Nf4 Bg7 32. Nh5 Bh6 33. Qg6
Qf8 34. Nxf6 Qg7 35. Qxg7+ Kxg7 36. Nxd7 Kg8 37. Nb5 a6 38. Nc7 b5 39. Nxe6 c4
40. Nc7 Be3 41. Nxa6 Kh7 42. Nc7 b4 43. Nd5 Bd2 44. b3 1-0

[Event "I Festival"]
[Site "Perugia ITA"]
[Date "2009.06.29"]
[Round "4"]
[White "Lazic, Miroljub"]
[Black "Mogranzini, Roberto"]
[Result "1/2-1/2"]
[WhiteElo "2438"]
[BlackElo "2422"]
[PlyCount "51"]
[EventDate "2009.06.27"]

1. Nf3 Nf6 2. g3 g6 3. Bg2 Bg7 4. O-O O-O 5. d4 d5 6. c4 dxc4 7. Na3 Nc6 8.
Nxc4 Be6 9. b3 Bd5 10. Bb2 a5 11. Rc1 a4 12. Ne3 Be4 13. Ne5 Bxg2 14. Kxg2 Ra6
15. Nxc6 bxc6 16. bxa4 Qa8 17. Kg1 Rxa4 18. a3 Rb8 19. Rc2 e6 20. Qd3 Nd5 21.
Nc4 Qa6 22. Ne5 Qxd3 23. Nxd3 Bxd4 24. Bxd4 Rxd4 25. Rxc6 Ra8 26. Nb4 1/2-1/2

[Event "I Festival"]
[Site "Perugia ITA"]
[Date "2009.06.29"]
[Round "4"]
[White "Maddaloni, Giovanni"]
[Black "Bonucci, Riccardo"]
[Result "0-1"]
[WhiteElo "1812"]
[BlackElo "1714"]
[PlyCount "34"]
[EventDate "2009.06.27"]

1. e4 c5 2. Nf3 e6 3. d4 cxd4 4. Nxd4 a6 5. Nc3 Qc7 6. Be3 Nc6 7. Be2 Nf6 8.
O-O Be7 9. f4 d6 10. Bf3 Bd7 11. Nb3 Rc8 12. Rc1 b5 13. a3 O-O 14. g4 a5 15. f5
Rfd8 16. g5 Ne8 17. Nd4 17... Qb7 {...} 0-1

[Event "I Festival"]
[Site "Perugia ITA"]
[Date "2009.06.29"]
[Round "4"]
[White "Ricci, Alfredo"]
[Black "Barletta, Mauro"]
[Result "0-1"]
[WhiteElo "2024"]
[BlackElo "2224"]
[PlyCount "66"]
[EventDate "2009.06.27"]

1. e4 d5 2. exd5 Qxd5 3. Nf3 Bg4 4. Be2 Nc6 5. O-O O-O-O 6. Re1 Nf6 7. d3 e6 8.
Nc3 Qf5 9. Be3 Bd6 10. a3 h5 11. b4 Bxf3 12. Bxf3 Qe5 13. Ne2 Qxh2+ 14. Kf1 Ne5
15. Ng1 Nfg4 16. Bg5 f6 17. Bd2 Nxf3 18. Qxf3 Qh4 19. Ke2 f5 20. Nh3 Qf6 21.
Rab1 Rde8 22. Kd1 e5 23. Qd5 e4 24. dxe4 fxe4 25. Rxe4 Rxe4 26. Qxe4 Nxf2+ 27.
Nxf2 Qxf2 28. Kc1 Qf7 29. Bc3 Re8 30. Qh4 g5 31. Qh1 Qa2 32. Rb3 Bf4+ 33. Kd1
Rd8+ 0-1

[Event "I Festival"]
[Site "Perugia ITA"]
[Date "2009.06.29"]
[Round "4"]
[White "Schiappoli, Dario"]
[Black "Romano, Claudio"]
[Result "1-0"]
[WhiteElo "1959"]
[BlackElo "1572"]
[PlyCount "72"]
[EventDate "2009.06.27"]

1. e4 c5 2. Nf3 Nc6 3. d4 cxd4 4. Nxd4 e5 5. Nb5 d6 6. N1c3 Nf6 7. Bg5 a6 8.
Bxf6 gxf6 9. Na3 Be6 10. Nc4 Nd4 11. Ne3 Rc8 12. Bd3 h5 13. Ncd5 Bg7 14. c3 Nc6
15. Qf3 Kf8 16. O-O h4 17. Rad1 Rh6 18. Bb1 b5 19. Nf5 Bxf5 20. exf5 Ne7 21.
Ne3 Qc7 22. Rd2 Re8 23. Rfd1 Nc8 24. Be4 Kg8 25. Bc6 Rd8 26. Bb7 Ne7 27. Bxa6
Kh8 28. Ng4 Rh5 29. Ne3 Rg5 30. Bb7 Bh6 31. Rd3 Rg7 32. Be4 Bf4 33. g3 Rdg8 34.
Kf1 hxg3 35. hxg3 Bxg3 36. Ke2 Rg4 1-0

[Event "I Festival"]
[Site "Perugia ITA"]
[Date "2009.06.29"]
[Round "4"]
[White "Tanasa, Remus"]
[Black "Djuric, Stefan"]
[Result "1/2-1/2"]
[WhiteElo "2026"]
[BlackElo "2447"]
[PlyCount "59"]
[EventDate "2009.06.27"]

1. d4 Nf6 2. c4 g6 3. Nc3 d5 4. cxd5 Nxd5 5. Bd2 Bg7 6. e4 Nb6 7. Be3 O-O 8.
Be2 c6 9. Nf3 Bg4 10. Qd2 Bxf3 11. gxf3 e5 12. d5 cxd5 13. Nxd5 Nxd5 14. Qxd5
Nc6 15. Qxd8 Rfxd8 16. O-O Nd4 17. Bxd4 exd4 18. Bd3 Bh6 19. Rfd1 Rac8 20. a4
Bf4 21. Ra3 Rc5 22. Rb3 Rg5+ 23. Kf1 b6 24. h3 Rh5 25. Kg2 Rc8 26. Rb5 Rxb5 27.
axb5 Rc1 28. Rxc1 Bxc1 29. b3 Bf4 30. Kf1 1/2-1/2

[Event "I Festival"]
[Site "Perugia ITA"]
[Date "2009.06.29"]
[Round "4"]
[White "Tiengo, Davide"]
[Black "Castellano, Alfonso"]
[Result "1/2-1/2"]
[WhiteElo "2070"]
[BlackElo "1953"]
[PlyCount "48"]
[EventDate "2009.06.27"]

1. d4 Nf6 2. Nf3 g6 3. c4 Bg7 4. Nc3 O-O 5. Bg5 d6 6. Qd2 Nbd7 7. Bh6 e5 8.
Bxg7 Kxg7 9. e3 Qe7 10. Be2 c6 11. h4 Nb6 12. b3 a5 13. a4 Bf5 14. Ng5 h6 15.
Nf3 Rfe8 16. O-O-O Nbd7 17. h5 g5 18. dxe5 dxe5 19. Qd6 Nc5 20. Qxe7 Rxe7 21.
Kb2 Ng4 22. Rhf1 Nf6 23. Ne1 Ree8 24. f3 Rad8 1/2-1/2

[Event "I Festival"]
[Site "Perugia ITA"]
[Date "2009.06.29"]
[Round "5"]
[White "Barletta, Mauro"]
[Black "Laketic, Gojko"]
[Result "0-1"]
[WhiteElo "2224"]
[BlackElo "2457"]
[PlyCount "148"]
[EventDate "2009.06.27"]

1. e4 c5 2. c3 d5 3. exd5 Qxd5 4. d4 Nc6 5. Nf3 Bg4 6. Be2 cxd4 7. cxd4 e6 8.
Nc3 Qa5 9. h3 Bh5 10. O-O Nf6 11. g4 Bg6 12. Ne5 Bd6 13. Nb5 Be7 14. Bd2 Qd8
15. Rc1 a6 16. Rxc6 bxc6 17. Nxc6 Qd7 18. Ne5 Qb7 19. Nxg6 hxg6 20. Bf3 Nd5 21.
Nc3 O-O 22. Nxd5 exd5 23. Qb3 Qxb3 24. axb3 Rfd8 25. Ra1 Rab8 26. Rxa6 Rxb3 27.
Bc3 Rbb8 28. Be2 Rb7 29. Ra4 Bg5 30. Ra1 Be7 31. Ra4 g5 32. Bf3 Rbb8 33. Be2
Rbc8 34. Bf3 g6 35. Kg2 Rb8 36. Be2 Rb7 37. Bf3 Rb5 38. Be2 Rbb8 39. Bf3 Rd7
40. Kf1 Rb6 41. Kg2 Kg7 42. Kf1 Bd8 43. Kg2 Kf6 44. Ra1 Re6 45. Kf1 Bb6 46. Ra8
Kg7 47. Kg2 f5 48. Kf1 Rf6 49. Re8 Bc7 50. Bd2 fxg4 51. Bxg4 Rdf7 52. f3 Bf4
53. Bc3 Rf8 54. Re7+ R6f7 55. Re1 Ra7 56. Kg2 Rb8 57. Kf2 Rb6 58. Re6 Rb8 59.
Re1 Rb3 60. Be6 Rb8 61. Bg4 Kf7 62. Be6+ Kf6 63. Bg4 Bd2 64. Bxd2 Rxb2 65. Re2
Raa2 66. Bxg5+ Kxg5 67. Rxb2 Rxb2+ 68. Kg3 Rd2 69. f4+ Kf6 70. h4 Rxd4 71. h5
Rd3+ 72. Kf2 gxh5 73. Bxh5 Kf5 74. Bf3 Kxf4 0-1

[Event "I Festival"]
[Site "Perugia ITA"]
[Date "2009.06.29"]
[Round "5"]
[White "Bertolini, Ettore"]
[Black "Ricci, Alfredo"]
[Result "0-1"]
[WhiteElo "1856"]
[BlackElo "2024"]
[PlyCount "96"]
[EventDate "2009.06.27"]

1. e4 c5 2. Nf3 e6 3. d4 cxd4 4. Nxd4 a6 5. Nc3 Qc7 6. g3 d6 7. Bg2 Nf6 8. O-O
Be7 9. a4 O-O 10. Be3 Nc6 11. Nxc6 bxc6 12. a5 Bb7 13. Bb6 Qc8 14. Qd3 Nd7 15.
Na4 c5 16. Rfd1 Bc6 17. f4 Qb7 18. Rd2 Rac8 19. b3 Bb5 20. c4 Bc6 21. e5 Bxg2
22. Rxg2 dxe5 23. Rd2 Nxb6 24. Nxb6 Rcd8 25. Nd7 exf4 26. gxf4 Kh8 27. Rad1
Rfe8 28. Qe3 Qc7 29. Ne5 Rxd2 30. Rxd2 Kg8 31. Rd7 Qxa5 32. Nc6 Qa1+ 33. Kf2
Bf6 34. Qxc5 Qb2+ 35. Kf3 Qxb3+ 36. Ke2 Qc2+ 37. Kf3 Qxh2 38. Ne7+ Kh8 39. Qc7
Qh3+ 40. Ke4 Bxe7 41. Rxe7 Qf5+ 42. Kf3 Rf8 43. c5 g5 44. Ke2 Qxf4 45. Qa7 Rd8
46. c6 Rd2+ 47. Ke1 Rc2 48. Rd7 Qb4+ 0-1

[Event "I Festival"]
[Site "Perugia ITA"]
[Date "2009.06.29"]
[Round "5"]
[White "Bonucci, Riccardo"]
[Black "Cerina, Antonio"]
[Result "1/2-1/2"]
[WhiteElo "1714"]
[BlackElo "1370"]
[PlyCount "40"]
[EventDate "2009.06.27"]

1. e4 e6 2. d3 d5 3. Nd2 c5 4. Ngf3 Nc6 5. g3 Nf6 6. Bg2 Be7 7. O-O O-O 8. c3
a6 9. e5 Nd7 10. Qe2 Qc7 11. Re1 b5 12. Nf1 Bb7 13. d4 c4 14. Bg5 Nb6 15. g4 h6
16. Bxe7 Qxe7 17. h4 Rfe8 18. g5 hxg5 19. hxg5 g6 20. Ng3 Kg7 1/2-1/2

[Event "I Festival"]
[Site "Perugia ITA"]
[Date "2009.06.29"]
[Round "5"]
[White "Calisti, Simone"]
[Black "Burani, Eugenio"]
[Result "0-1"]
[WhiteElo "1368"]
[BlackElo "1993"]
[PlyCount "60"]
[EventDate "2009.06.27"]

1. e4 c5 2. Nf3 Nf6 3. Nc3 Nc6 4. Be2 d6 5. O-O g6 6. d3 Bg7 7. Be3 O-O 8. Rb1
a6 9. Qd2 Qc7 10. Bg5 b5 11. Bh6 b4 12. Bxg7 bxc3 13. Qh6 Ng4 14. Qh4 Kxg7 15.
h3 Nf6 16. bxc3 Bd7 17. d4 Rab8 18. d5 Rxb1 19. Rxb1 Rb8 20. Rxb8 Nxb8 21. Qf4
Qb7 22. Qe3 Qb1+ 23. Kh2 Qxc2 24. e5 dxe5 25. Nxe5 Qe4 26. Qxe4 Nxe4 27. Nxd7
Nxd7 28. Bxa6 Nxc3 29. Bc4 Nb6 30. Bb3 c4 0-1